Statistics for Cities in Asia that have an airport with at least 3 runways

Click here to take the quiz!

General Stats

  • This quiz has been taken 11 times
  • The average score is 13 of 15

Answer Stats

Answer% Correct
Beijing
100%
Delhi
100%
Guangzhou
100%
Hongkong
100%
Jakarta
100%
Shanghai
100%
Singapore
100%
Tokyo
100%
Jeddah
91%
Kuala Lumpur
91%
Chengdu
82%
Seoul
82%
Chongqing
73%
Tel Aviv
55%
Sapporo
9%

Score Distribution

Percentile by Number Answered

Percent of People with Each Score

Your Score History

You have not taken this quiz